000 00281nam a22001337a 4500
003 SGT
020 _a978-81-8204-043-4
082 _a641.3
_bSIN
100 _aSINGH, D.K.
245 _aFOOD PRESENTATION
260 _aDELHI
_bAMAN PUB.
_c2018
300 _a264
942 _2ddc
_cBK
999 _c21035
_d21035